| 000 | 00507nam a22001817a 4500 | ||
|---|---|---|---|
| 999 |
_c186040 _d186040 |
||
| 005 | 20220214110644.0 | ||
| 010 | _aENG-131560 | ||
| 020 |
_a9788193027726 _c700.00 |
||
| 035 | _aEN-115092 | ||
| 037 | _bDBAD | ||
| 082 | _a726.10954 | ||
| 100 | _aMalhotra, Manoj | ||
| 245 |
_aRock Architecture In India/ _cManoj Malhotra |
||
| 260 |
_aAllahabad _bOm Publication _c2017 |
||
| 270 |
_a59, Pandariba _bAllahabad _e211003 |
||
| 300 |
_a200p. _c21cm(hbk) |
||
| 942 |
_2ddc _cEN _h726.10954 _mMAL |
||